000 00622nam a2200169 a 4500
001 000030085
005 20200930060030.0
008 110429s20uu dr 000 0 spa d
040 _aDO-SdBNP
_bspa
_cBNPHU
110 2 _aReública Dominicana
_bComisión Presidencial para la reforma y Modernización del Estado
_956789
245 1 0 _aBiblioteca municipales :
_bel manual del ayuntamiento, vías y obras públicas municipales.
260 _aSanto Domingo :
_bLiga Municipal,
_c[200?].
300 _a28 p. :
_bil. ;
_c21 cm.
490 1 _aCuadernos municipales
_v9
830 0 _aCuadernos municipales
_v9
_956790
049 _aBNPD
999 _c29577
_d29577